A ceremony of marriage. (Record no. 8718)

000 -LEADER
fixed length control field 00651nam a2200205 a 4500
001 - CONTROL NUMBER
control field :::00006496$&:&@@
003 - CONTROL NUMBER IDENTIFIER
control field OkBaRHE
005 - DATE AND TIME OF LATEST TRANSACTION
control field 20090416143938.0
008 - FIXED-LENGTH DATA ELEMENTS--GENERAL INFORMATION
fixed length control field s1979 j 000 0 eng u
040 ## - CATALOGING SOURCE
Transcribing agency
100 1# - MAIN ENTRY--PERSONAL NAME
Personal name Copeland, Kenneth.
245 12 - TITLE STATEMENT
Title A ceremony of marriage.
260 ## - PUBLICATION, DISTRIBUTION, ETC. (IMPRINT)
Place of publication, distribution, etc Fort Worth, TX. : KCP Publications
Date of publication, distribution, etc 1979
300 ## - PHYSICAL DESCRIPTION
Extent 8 p. ;
Dimensions 21 cm.
650 ## - SUBJECT ADDED ENTRY--TOPICAL TERM
Topical term or geographic name as entry element Marriage Service
650 ## - SUBJECT ADDED ENTRY--TOPICAL TERM
Topical term or geographic name as entry element Weddings.
942 ## - ADDED ENTRY ELEMENTS (KOHA)
Source of classification or shelving scheme
Koha item type Books
Copies
Not for loan Copy number Date checked out Current Location Damaged status Total Checkouts Shelving location Barcode Koha item type Lost status Full call number Price effective from Permanent Location Source of classification or shelving scheme Date last seen Date acquired Withdrawn status
 2    General Stacks16884Books BV 199 .C62010-04-14RHEMA Bible Training College 2010-04-142010-04-14 
 12015-06-12RHEMA Bible Training College 2General Stacks6496Books BV 199 .C62010-04-14RHEMA Bible Training College 2015-07-092010-04-14